000 00443nam a22001817a 4500
003 OSt
005 20170105102939.0
008 160420b xxu||||| |||| 00| 0 eng d
020 _a9789698893064
040 _a0
082 _a796
_bKHA 2009
100 _aKhan, Shahzad Ali
245 _aCricket Milestones
_cShahzad Ali Khan
260 _aKarachi
_bJumbo Publishing
_c2009
300 _a100 p.;
_c22cm.
650 _aCricket
942 _2ddc
_cBK
999 _c16391
_d16391